<?xml version="1.0" encoding="UTF-8"?>
<record
    xmlns:xsi="http://www.w3.org/2001/XMLSchema-instance"
    xsi:schemaLocation="http://www.loc.gov/MARC21/slim http://www.loc.gov/standards/marcxml/schema/MARC21slim.xsd"
    xmlns="http://www.loc.gov/MARC21/slim">

  <leader>01824cam a2200337Ia 4500</leader>
  <datafield tag="999" ind1=" " ind2=" ">
    <subfield code="c">6247</subfield>
    <subfield code="d">6247</subfield>
  </datafield>
  <controlfield tag="001">41045167</controlfield>
  <controlfield tag="003">OCoLC</controlfield>
  <controlfield tag="005">20190116125107.0</controlfield>
  <controlfield tag="008">990326r19941990ilua          001 0 eng d</controlfield>
  <datafield tag="020" ind1=" " ind2=" ">
    <subfield code="a">0913367974 (pbk.)</subfield>
  </datafield>
  <datafield tag="020" ind1=" " ind2=" ">
    <subfield code="a">9780913367971 (pbk.)</subfield>
  </datafield>
  <datafield tag="035" ind1=" " ind2=" ">
    <subfield code="a">(OCoLC)41045167</subfield>
    <subfield code="z">(OCoLC)40955840</subfield>
  </datafield>
  <datafield tag="040" ind1=" " ind2=" ">
    <subfield code="a">NCA</subfield>
    <subfield code="c">NCA</subfield>
    <subfield code="d">OCLCQ</subfield>
    <subfield code="d">OCLCG</subfield>
    <subfield code="d">OCLCA</subfield>
    <subfield code="d">HNW</subfield>
    <subfield code="d">OCLCF</subfield>
  </datafield>
  <datafield tag="082" ind1="0" ind2="4">
    <subfield code="a">248.4</subfield>
    <subfield code="2">23</subfield>
    <subfield code="b">S194J</subfield>
  </datafield>
  <datafield tag="090" ind1=" " ind2=" ">
    <subfield code="a">BV4501.2</subfield>
    <subfield code="b">.S215 1994</subfield>
  </datafield>
  <datafield tag="092" ind1="0" ind2=" ">
    <subfield code="a">248.4</subfield>
    <subfield code="b">S2155j</subfield>
  </datafield>
  <datafield tag="100" ind1="1" ind2=" ">
    <subfield code="a">Sanders, J. Oswald</subfield>
    <subfield code="q">(John Oswald),</subfield>
    <subfield code="d">1902-1992.</subfield>
  </datafield>
  <datafield tag="245" ind1="1" ind2="4">
    <subfield code="a">The Joy of following Jesus /</subfield>
    <subfield code="c">J. Oswald Sanders.</subfield>
  </datafield>
  <datafield tag="250" ind1=" " ind2=" ">
    <subfield code="a">Billy Graham Evangelistic Association special ed.</subfield>
  </datafield>
  <datafield tag="260" ind1=" " ind2=" ">
    <subfield code="a">Chicago :</subfield>
    <subfield code="b">Moody Press,</subfield>
    <subfield code="c">c1994.</subfield>
  </datafield>
  <datafield tag="300" ind1=" " ind2=" ">
    <subfield code="a">156, [IV] p. :</subfield>
    <subfield code="b">ill. ;</subfield>
    <subfield code="c">21 cm.</subfield>
  </datafield>
  <datafield tag="500" ind1=" " ind2=" ">
    <subfield code="a">Originally published: Shoe-leather commitment. Chicago : Moody Press, c1990; republished as Spiritual discipleship. Chicago : Moody Press, c1994.</subfield>
  </datafield>
  <datafield tag="500" ind1=" " ind2=" ">
    <subfield code="a">Includes: Steps to peace with God.</subfield>
  </datafield>
  <datafield tag="505" ind1="0" ind2=" ">
    <subfield code="a">The ideal disciple -- Conditions of discipleship -- Evidences of discipleship -- Tests of discipleship -- The disciple's master -- The disciple's senior partner -- The disciple's servanthood -- The disciple's ambition -- The disciple's love -- The disciple's maturity -- The disciple's Olympics -- The disciple's compassion -- The disciple's prayer life -- The disciple's rights -- The disciple's example -- The disciple's loneliness -- The disciple's second chance -- The disciple's renewed commission -- The disciple's dynamic -- The disciple's hope.</subfield>
  </datafield>
  <datafield tag="650" ind1=" " ind2="0">
    <subfield code="a">Spiritual formation.</subfield>
  </datafield>
  <datafield tag="650" ind1=" " ind2="0">
    <subfield code="a">Christian life.</subfield>
  </datafield>
  <datafield tag="700" ind1="1" ind2=" ">
    <subfield code="a">Sanders, J. Oswald</subfield>
    <subfield code="q">(John Oswald),</subfield>
    <subfield code="d">1902-</subfield>
    <subfield code="t">Shoe-leather commitment.</subfield>
  </datafield>
  <datafield tag="700" ind1="1" ind2=" ">
    <subfield code="a">Sanders, J. Oswald</subfield>
    <subfield code="q">(John Oswald),</subfield>
    <subfield code="d">1902-</subfield>
    <subfield code="t">Spiritual discipleship.</subfield>
  </datafield>
  <datafield tag="740" ind1="0" ind2=" ">
    <subfield code="a">Steps to peace with God.</subfield>
  </datafield>
  <datafield tag="942" ind1=" " ind2=" ">
    <subfield code="2">ddc</subfield>
    <subfield code="c">BK</subfield>
  </datafield>
  <datafield tag="952" ind1=" " ind2=" ">
    <subfield code="0">0</subfield>
    <subfield code="1">0</subfield>
    <subfield code="2">ddc</subfield>
    <subfield code="4">0</subfield>
    <subfield code="7">0</subfield>
    <subfield code="8">NFIC</subfield>
    <subfield code="a">HMC</subfield>
    <subfield code="b">HMC</subfield>
    <subfield code="c">GEN</subfield>
    <subfield code="d">2019-01-16</subfield>
    <subfield code="g">950.00</subfield>
    <subfield code="l">1</subfield>
    <subfield code="o">248.4 S194J</subfield>
    <subfield code="p">007220</subfield>
    <subfield code="r">2025-07-17 03:23:40</subfield>
    <subfield code="s">2025-06-13</subfield>
    <subfield code="w">2019-01-16</subfield>
    <subfield code="y">BK</subfield>
  </datafield>
</record>
